000 00522nam a2200181Ia 4500
005 20250508152959.0
008 008 250505s9999 xx 000 0 eng d
037 _aBooks to be hide in OPAC
040 _aFEDL
_beng
_cFEDL
041 _aeng
_2eng
084 _a370.95412, BIH/O
_qFEDL
245 0 _aBihar education code, 1944
250 _a7
260 _aBihar, India
_bSuperintendent Government Printing
_c1944
300 _avi,388p
942 _cHB
_h370.95412, BIH/O
999 _c1339972
_d1339972